| 000 | 00614nam a2200229Ia 4500 | ||
|---|---|---|---|
| 003 | OSt | ||
| 005 | 20250529165450.0 | ||
| 008 | 008 250505s9999 xx 000 0 eng d | ||
| 020 | _a9788119129423 | ||
| 040 |
_aILCL _beng _cILCL |
||
| 041 |
_aeng _2eng |
||
| 082 | _qILCL | ||
| 084 | _aX:935:(Z).2q R4 | ||
| 100 | _aKumar, H L | ||
| 245 | 0 | _aEmployees, Employers & Lawyers guide to Payment of Bonus Act & Rules | |
| 250 | _a8 | ||
| 260 |
_aDelhi _bLaw and Justice Publishing Company _c2024 |
||
| 300 | _axxvi,275p. | ||
| 365 | _aINR | ||
| 942 |
_cTB _2Colon Classification _n0 |
||
| 999 |
_c1311981 _d1311981 |
||